Kmity a vlny ve fyzice /
Uložené v:
| Hlavný autor: | |
|---|---|
| Médium: | Kniha |
| Jazyk: | Czech |
| Vydavateľské údaje: |
Praha :
Academia,
1990
|
| Tagy: |
Žiadne tagy, Buďte prvý, kto otaguje tento záznam!
|
MARC
| LEADER | 00000nam a22000003a 4500 | ||
|---|---|---|---|
| 001 | stu202 | ||
| 005 | 20150617225622.0 | ||
| 008 | 910426s1990----cs------------------cze-d | ||
| 020 | |a 80-200-0272-3 | ||
| 040 | |a STU |b slo | ||
| 041 | 0 | |a cze | |
| 044 | |a cs | ||
| 080 | |a 534 | ||
| 080 | |a 537.86/.87 | ||
| 100 | 1 | |a Main, Iain G |4 aut | |
| 245 | 1 | |a Kmity a vlny ve fyzice / |c [aut.] Main,Iain G | |
| 260 | |a Praha : |b Academia, |c 1990 | ||
| 300 | |a 346 s | ||
| 996 | |b 284EK02218 |c E*74241 |l EE01 |s A |a 24 |w stu202_0001 | ||
| 996 | |b 284EK07836 |c E*74242 |l EE0101 |s P |a 0 |w stu202_0002 | ||